IEE 16th edition wiring regulations: inspection, testing & certification (3rd ed.) (Record no. 76290)
[ view plain ]
| 000 -LEADER | |
|---|---|
| fixed length control field | 00859nam a2200205 a 4500 |
| 008 - FIXED-LENGTH DATA ELEMENTS--GENERAL INFORMATION | |
| fixed length control field | 120416s2001 ||||||||||||||||| || u |
| 020 ## - INTERNATIONAL STANDARD BOOK NUMBER | |
| International Standard Book Number | 0750652160 |
| 050 ## - LIBRARY OF CONGRESS CALL NUMBER | |
| Classification number | TK 4255 Sca |
| 100 ## - MAIN ENTRY--PERSONAL NAME | |
| Personal name | Scaddan, Brian |
| 245 10 - TITLE STATEMENT | |
| Title | IEE 16th edition wiring regulations: inspection, testing & certification (3rd ed.) |
| 250 ## - EDITION STATEMENT | |
| Edition statement | 3rd ed. |
| 260 ## - PUBLICATION, DISTRIBUTION, ETC. | |
| Place of publication, distribution, etc. | Oxford: |
| Name of publisher, distributor, etc. | Newnes |
| Date of publication, distribution, etc. | 2001 |
| 300 ## - PHYSICAL DESCRIPTION | |
| Extent | xv, 72 pages : illustrations |
| 350 ## - | |
| -- | 0.00 |
| 650 ## - SUBJECT ADDED ENTRY--TOPICAL TERM | |
| Topical term or geographic name entry element | ELECTRIC WIRING, INTERIOR |
| 650 ## - SUBJECT ADDED ENTRY--TOPICAL TERM | |
| Topical term or geographic name entry element | BUILDINGS--ELECTRIC EQUIPMENT |
| 650 #0 - SUBJECT ADDED ENTRY--TOPICAL TERM | |
| Topical term or geographic name entry element | ELECTRONICS |
| 995 ## - | |
| -- | MAIN LIBRARY OPEN ACCESS |
| -- | 0.00 |
| -- | 735840 |
| -- | CBU-MAIN LIBRARY (Kitwe) |
| -- | 1 |
| -- | 9.99 |
| -- | TK 4255 Sca |
| -- | 1 |
| -- | AVAILABLE |
| -- | 48626 |
| -- | Main Library Open Access Collection |
| 995 ## - | |
| -- | MAIN LIBRARY OPEN ACCESS |
| -- | 0.00 |
| -- | 735839 |
| -- | CBU-MAIN LIBRARY (Kitwe) |
| -- | 2 |
| -- | 9.99 |
| -- | TK 4255 Sca |
| -- | 2 |
| -- | AVAILABLE |
| -- | 48625 |
| -- | Main Library Open Access Collection |
| 999 ## - | |
| -- | 76290 |
| -- | 76290 |
| Withdrawn status | Lost status | Source of classification or shelving scheme | Damaged status | Not for loan | Permanent Location | Current Location | Shelving location | Date acquired | Total Checkouts | Full call number | Barcode | Date last seen | Copy number | Price effective from | Koha item type |
|---|---|---|---|---|---|---|---|---|---|---|---|---|---|---|---|
| CBU-MAIN LIBRARY, KITWE. | CBU-MAIN LIBRARY, KITWE. | 04/25/2023 | TK 4255 Sca | 48626 | 04/25/2023 | 1 | 04/25/2023 | MONOGRAPH | |||||||
| CBU-MAIN LIBRARY, KITWE. | CBU-MAIN LIBRARY, KITWE. | 04/25/2023 | TK 4255 Sca | 48625 | 04/25/2023 | 2 | 04/25/2023 | MONOGRAPH |